00995 2200241 4500001002100000005001500021035002000036007000300056008004100059020002200100082001000122084001600132100001700148245006200165250001200227260002700239300004700266650000800313700001900321700002300340520037400363990001600737INLIS00000000000022920220825101301 a0010-0822000051ta220825 b 0 ind  a978-602-301-632-7 a372.3 a372.3 ANN k0 aAnnisa Aulia1 aKeajaiban Sains 6 :buntuk SD/MI Kelas VI /cAnnisa Aulia aPertama aBogor :bQuadra,c2019 a141 halaman :bilustrasi berwarna ;c28 cm 4aIPA0 aYanti Herlanti0 aGrace E. Fernandes aBuku IPA ini disusun berdasarkanPermendikbud No. 24 Tahun 2016 Tentang Kompetensi Inti dan Kompetensi DasarPelajaran pada kurikulum 2013 Pada Pendidikan Dasar dan PendidikanMenengah yang diubah dalam Permendikbud No. 37 Tahun 2018.Buku ini juga disajikan dengan redaksional, tata letak, dan pewarnaan yang menarik serta sesuai dengan tingkat perkembangan peserta didik. a00000000305